[Event "Valasska Bystrice op"]
[Site "Valasska Bystrice"]
[Date "2017.09.12"]
[Round "5"]
[White "Smutek, Jiri"]
[Black "Kucera, Vladimir"]
[Result "0-1"]
[WhiteElo "1542"]
[BlackElo "1917"]
[PlyCount "62"]
[EventDate "2017.09.09"]
[EventType "swiss"]
[EventRounds "9"]
[EventCountry "CZE"]
[SourceTitle "CBM 180 Extra"]
[Source "ChessBase"]
[SourceDate "2017.10.06"]
[SourceVersion "1"]
[SourceVersionDate "2017.10.06"]
[SourceQuality "1"]

1. e4 e5 2. Nf3 Nc6 3. Bc4 Be7 4. c3 Nf6 5. d3 0-0 6. 0-0 d6 7. b4 a6 8. h3 h6 9. Be3 Be6 10. Nbd2 d5 11. exd5 Bxd5 12. Re1 Bxc4 13. Nxc4 Qd5 14. Nb2 b5 15. a3 Rad8 16. c4 Qe6 17. Qc2 bxc4 18. dxc4 e4 19. Bf4 Bd6 20. Bxd6 Qxd6 21. Rad1 Qf4 22. Qa4 Nb8 23. Nd4 Qe5 24. f4 Qxf4 25. Nc6 Rxd1 26. Nxd1 Qd2 27. Kf1 Qd3+ 28. Kg1 Qxc4 29. Nxb8 Rxb8 30. Nf2 Rd8 31. Rxe4 Nxe4 0-1